Z jakiego kraju? - Statystyki

Ogólne statystyki
  • Ten quiz został rozwiązany 537 razy
  • Średni wynik to 10 z 15
Statystyki odpowiedzi
Znana osoba Kraj % Poprawnych
Joanna Krupa Polska
94%
Sokrates Grecja
92%
Grigorij Rasputin Rosja
85%
Pablo Picasso Hiszpania
80%
Woody Allen Stany Zjednoczone
79%
Bob Marley Jamajka
78%
Marco Polo Wlochy
78%
Shakira Kolumbia
75%
Elton John Wielka Brytania
72%
Alfred Nobel Szwecja
71%
Karl Marx Niemcy
69%
Enver Hoxha Albania
29%
Jason Donovan Australia
25%
Salvador Allende Chile
18%
Boutros Boutros-Ghali Egipt
10%
Nie znaleziono quizów pasujących do podanych kryteriów
Rozkład punktacji
Procent ludzi z każdym wynikiem
Percentyl według liczby udzielonych odpowiedzi
Twoja historia wyników
Nie rozwiązałeś tego quizu